[Event "Bundesliga 9091"]
[Site "Germany"]
[Date "1991.??.??"]
[Round "?.7"]
[White "Werner, Marc"]
[Black "Roese, Oliver"]
[Result "1-0"]
[WhiteElo "2320"]
[BlackElo "2385"]
[PlyCount "51"]
[EventDate "1990.10.06"]
[EventType "team-tourn"]
[EventRounds "15"]
[EventCountry "GER"]
[SourceTitle "GER-chT"]
[Source "ChessBase"]
[SourceDate "1999.07.01"]
[SourceVersion "1"]
[SourceVersionDate "1999.07.01"]
[SourceQuality "1"]
[WhiteTeam "Sindelfingen"]
[BlackTeam "Muenchen 36"]
[WhiteTeamCountry "GER"]
[BlackTeamCountry "GER"]

1. e4 c5 2. Nf3 e6 3. d4 cxd4 4. Nxd4 Nc6 5. Nc3 a6 6. Be2 Qc7 7. Be3 b5 8. a3 Bb7 9. f4 Na5 10. 0-0 Nc4 11. Bxc4 Qxc4 12. Nb3 Qc7 13. Bd4 Nf6 14. Qd3 Be7 15. e5 Nd5 16. Ne4 Nb6 17. f5 Bd5 18. Rf2 Nc4 19. Re1 Qc6 20. Bc3 Rd8 21. Qf3 exf5 22. Qxf5 0-0 23. Nf6+ Bxf6 24. exf6 Rfe8 25. Rxe8+ Rxe8 26. Qg5 1-0